000 00287nam a2200121Ia 4500
100 _aGraham Kennard C.
650 _aElectrical Engineering
942 _cBK
245 _aFundamentals of Elecricity.
260 _bD.B.Taraporevala sons &co.
_c2001
082 _a621.3
546 _aENGLISH
999 _c21764
_d21764